| 000 | 00782pab a2200169 454500 | ||
|---|---|---|---|
| 008 | 180718b2003 xxu||||| |||| 00| 0 eng d | ||
| 100 | _aBhattacharyya, B. | ||
| 245 | _aPerspectives on India's foreign trade | ||
| 260 | _c2003 | ||
| 300 | _ap.54-57. | ||
| 362 | _aJan | ||
| 520 | _a2002 is a critical year for India's foreign trade. This is the first year of the new EXIM policies for the five year period 2002-2007. This policy is coterminus with the 10th Five Year Plan which recognises the accelaration in the growth rate cannot take place without tapping into the opportunities offered by the international economy in terms of markets, investment and technologies. - Reproduced. | ||
| 650 | _aTrade | ||
| 650 | _aInternational trade | ||
| 773 | _aYojana | ||
| 909 | _a54930 | ||
| 999 |
_c54930 _d54930 |
||